1470 1780 1314 1341 1710 1319 1690 1886 1881 1455 1570 1765 1374 1181 1061 1435 1121 1534 1219 1307 1801 1175 1043 1058 1275 1132 1902 1816 1003 1374 1931 1596 1024 1487 1005 1173 1421 1297 1409 1388 1868 1529 1419 1046 1342 1488 1229 1324 1214 1498 1606 1026 1020 1491 1679 1113 1401 1316 1989 1242 1783 1603 1814 1266 1739 1248 1437 1372 1598 1887 1743 1823 1643 1963 1500 1962 1935 1294 1491 1776 1326 1575 1297 1219 1810 1171 1106 1696 1131 1380 1864 1915 1906 1546 1770 1626 1344 1859 1147 BCNSPRNW ULIB Ver.6.0+V

เปลี่ยนเป็นภาษาไทย

Change to English
 แสดงรายละเอียดบรรณานุกรม
  กลับหน้าหลัก

Brief Record : Get Marc (ISO 2709) : E-mail record : QR code < ปิดหน้าต่าง
LEADER : 00000nam 2200000uu 4500
001    13399110845
003     ULIB
008    110225s2552||||th 000 0 tha d
020    9786117058103
060  4 WS115^bก131ม
100 0  ประสงค์ พฤกานานนท์
245 00 รู้ได้อย่างไรว่าลูกป่วย/^cประสงค์ พฤกานานนท์
260    กรุงเทพฯ:^bฐานบุ๊คส์,^c2552
300    179 หน้า :^bภาพประกอบ(สีบางภาพ)
650  7 เด็กป่วย
650  7 เด็ก^xโรค
650  7 กุมารเวชศาสตร์
945    ^p170^l0^i026302
945    ^p170^l0^i026301
995    ทศพร
999 ^a ใช้งานได้ทุกระบบ
รายการนี้ยังไม่มีแท็ก
คุณยังไม่ได้ล็อกอิน คุณสามารถมีกิจกรรมร่วมกับเว็บไซต์ได้ แต่ต้องล็อกอินก่อน ::
  ล็อกอิน

รายการสื่อสารสนเทศ

ลำดับที่ ประเภท เลขเรียก/บาร์โค้ด สถานที่ สถานะ
- ไม่พบข้อมูล -

รายการใกล้เคียง
    ผู้แต่ง [ประสงค์ พฤกานานนท์]

    หัวเรื่อง [เด็กป่วย]
    หัวเรื่อง [กุมารเวชศาสตร์]

BibComment


ยังไม่เคยถูกคอมเมนท์

คอมเมนท์ทรัพยากรรายการนี้
  คอมเมนท์: รู้ได้อย่างไรว่าล..


 Copyright 2026. Bcnsprnw @Library